Rudaliya (Record no. 5205)
[ view plain ]
| 000 -LEADER | |
|---|---|
| fixed length control field | 00384nam a2200157Ia 4500 |
| 005 - DATE AND TIME OF LATEST TRANSACTION | |
| control field | 20250310053143.0 |
| 008 - FIXED-LENGTH DATA ELEMENTS--GENERAL INFORMATION | |
| fixed length control field | 240331s9999 xx 000 0 und d |
| 020 ## - INTERNATIONAL STANDARD BOOK NUMBER | |
| ISBN | 9558123021 |
| 082 ## - DDC Classification | |
| Item Number - Author Mark | PER |
| Class No. | 823 |
| 100 ## - MAIN ENTRY--PERSONAL NAME | |
| Personal name | Perera,R |
| 245 #0 - TITLE STATEMENT | |
| Title | Rudaliya |
| 260 ## - PUBLICATION, DISTRIBUTION, ETC. | |
| Place of publication, distribution, etc. | Nugegoda |
| Name of publisher, distributor, etc. | Damika de silva |
| Date of publication, distribution, etc. | 1999 |
| 300 ## - PHYSICAL DESCRIPTION | |
| Extent (e.g. Volumes, Pages etc.) | 200 p ., |
| 500 ## - GENERAL NOTE | |
| General note | A story collection of maha swetha devi |
| 942 ## - Koha item type (Biblio) | |
| Koha item type | Books in Stacks (Lending) |
| Lost status | Damaged status | Collection code | Home library | Current library | Shelving location | Date acquired | Full call number | Accession Number | Item type |
|---|---|---|---|---|---|---|---|---|---|
| Lending | WERC Library | WERC Library | Social Science Cupboard | 03/31/2024 | 823 PER | 4461 | Books in Stacks (Lending) |
